[Event "ENCI Limburg-open C"]
[Site "Maastricht"]
[Date "2012.05.27"]
[Round "5"]
[White "Keetman, Stef"]
[Black "Van Ginneken, Jos"]
[Result "1-0"]
[WhiteElo "1549"]
[BlackElo "1566"]
[PlyCount "89"]
[EventDate "2012.05.25"]
[EventType "swiss"]
[EventRounds "7"]
[EventCountry "NED"]
[Source "P.Boonen"]
[SourceDate "2013.01.01"]

1. e4 d6 2. d4 Nd7 3. f4 c6 4. Nf3 Qc7 5. Nc3 e5 6. fxe5 dxe5 7. Bc4 h6 8. Be3
Ngf6 9. Qd3 Be7 10. O-O-O a5 11. a4 O-O 12. Rdg1 Ng4 13. h3 Nxe3 14. Qxe3 exd4
15. Qxd4 Bc5 16. Qd2 Bxg1 17. Rxg1 Nc5 18. Qd4 Ne6 19. Qf2 Bd7 20. Rf1 Rab8 21.
e5 b5 22. axb5 cxb5 23. Bd3 Nc5 24. Rd1 Nxd3+ 25. Rxd3 Be6 26. Ne4 Bf5 27. Rc3
Qe7 28. Nd6 Be6 29. Nd4 Bd7 30. Qe2 Rb6 31. Rf3 f6 32. N6f5 Bxf5 33. Nxf5 Qxe5
34. Ne7+ Kh7 35. Qxe5 fxe5 36. Rxf8 Re6 37. Nd5 Kg6 38. Nc3 b4 39. Ne4 Re7 40.
Rf3 Re6 41. Kd2 Re7 42. Ke3 Rc7 43. Rf2 a4 44. c3 a3 45. bxa3 1-0

[Event "ENCI Limburg-open C"]
[Site "Maastricht"]
[Date "2012.05.27"]
[Round "5"]
[White "Krug, Franz Dieter"]
[Black "Bauchmueller, Heinrich"]
[Result "1-0"]
[WhiteElo "1540"]
[BlackElo "1447"]
[PlyCount "51"]
[EventDate "2012.05.25"]
[EventType "swiss"]
[EventRounds "7"]
[EventCountry "NED"]
[Source "P.Boonen"]
[SourceDate "2013.01.01"]

1. d4 d5 2. c4 Nf6 3. e3 e6 4. a3 Be7 5. Nc3 a6 6. cxd5 Nxd5 7. Bd3 Nc6 8. Nf3
h6 9. O-O O-O 10. Re1 f5 11. e4 Nxc3 12. bxc3 Rf7 13. exf5 exf5 14. Bc4 Qf8 15.
Bxf7+ Qxf7 16. d5 Na5 17. Ne5 Qf6 18. Bb2 Bd6 19. c4 b6 20. Qe2 Qh4 21. g3 Qe4
22. Qh5 Qc2 23. Re2 Qb3 24. Qf7+ Kh7 25. Ng6 Bf8 26. Nxf8+ 1-0

[Event "ENCI Limburg-open C"]
[Site "Maastricht"]
[Date "2012.05.27"]
[Round "5"]
[White "Kumpen, Jona"]
[Black "Dethier, Krista"]
[Result "1/2-1/2"]
[WhiteElo "1490"]
[BlackElo "1228"]
[PlyCount "46"]
[EventDate "2012.05.25"]
[EventType "swiss"]
[EventRounds "7"]
[EventCountry "NED"]
[Source "P.Boonen"]
[SourceDate "2013.01.01"]

1. d4 d5 2. Nf3 Bf5 3. Bf4 e6 4. e3 g6 5. Nbd2 Nf6 6. c4 Bg7 7. cxd5 Nxd5 8.
Bg3 Nb4 9. a3 Nc2+ 10. Ke2 Nxa1 11. Qxa1 O-O 12. Ke1 Nd7 13. Qc1 c6 14. Bc4 Nf6
15. Ke2 Ne4 16. Nxe4 Bxe4 17. Qd2 Bxf3+ 18. gxf3 c5 19. Rd1 Rc8 20. Bb3 Qd7 21.
Qe1 Qb5+ 22. Rd3 c4 23. Bxc4 Qxc4 {Draw???} 1/2-1/2

[Event "ENCI Limburg-open C"]
[Site "Maastricht"]
[Date "2012.05.27"]
[Round "5"]
[White "Lammes, Pim"]
[Black "Beukema, Jasper"]
[Result "1/2-1/2"]
[WhiteElo "1613"]
[BlackElo "1625"]
[PlyCount "102"]
[EventDate "2012.05.25"]
[EventType "swiss"]
[EventRounds "7"]
[EventCountry "NED"]
[Source "P.Boonen"]
[SourceDate "2013.01.01"]

1. e4 c5 2. Nc3 Nc6 3. Nf3 g6 4. d3 Bg7 5. Be3 d6 6. h3 Nf6 7. Ne2 Bd7 8. c3
O-O 9. Ng3 Rc8 10. Be2 a6 11. Qd2 b5 12. Bh6 e5 13. O-O d5 14. Rfd1 d4 15. cxd4
cxd4 16. Rdc1 Qe7 17. a3 Rfe8 18. Bxg7 Kxg7 19. b4 Rc7 20. Bd1 Rec8 21. Bb3 Be6
22. Bxe6 Qxe6 23. Qb2 Nd7 24. Nd2 Nb6 25. Qb3 Qxb3 26. Nxb3 Na4 27. Ne2 Nb8 28.
Rxc7 Rxc7 29. Rc1 Rxc1+ 30. Nexc1 f5 31. f3 Kf6 32. Ne2 Nd7 33. Na5 Nb2 34. Nc1
fxe4 35. fxe4 Na4 36. Ne2 Ke6 37. Nb7 h5 38. Kf1 Nb2 39. Nc1 Nd1 40. Nb3 Ne3+
41. Kf2 Nc2 42. N3c5+ Nxc5 43. Nxc5+ Kd6 44. Nxa6 Nxa3 45. Ke2 Nc2 46. g3 Kc6
47. Nb8+ Kc7 48. Na6+ Kb6 49. Nc5 Kc6 50. Na6 Kb6 51. Nc5 Kc6 1/2-1/2

[Event "ENCI Limburg-open C"]
[Site "Maastricht"]
[Date "2012.05.27"]
[Round "5"]
[White "Lemmens, Paul"]
[Black "Swijsen, Willy"]
[Result "0-1"]
[WhiteElo "1333"]
[BlackElo "1567"]
[PlyCount "47"]
[EventDate "2012.05.25"]
[EventType "swiss"]
[EventRounds "7"]
[EventCountry "NED"]
[Source "P.Boonen"]
[SourceDate "2013.01.01"]

1. e4 d5 2. exd5 Nf6 3. Nf3 Nxd5 4. d4 Bg4 5. c4 Nb4 6. Qa4+ N8c6 7. d5 b5 8.
Qb3 Bf5 9. Na3 Qd6 10. dxc6 Rd8 11. Be2 Nd3+ 12. Bxd3 Bxd3 13. Bd2 b4 14. Nb5
Qxc6 15. Nfd4 Qe4+ 16. Be3 e5 17. Nxc7+ Kd7 18. Qa4+ Kxc7 19. Nb5+ Kd7 20.
Qxa7+ Ke6 21. Qb6+ Kd7 22. Qc7+ Ke8 23. O-O-O Be7 24. b3 {Here, black
continued with the illegal move 24...,0-0, which wasn't noticed by both
players. The game continued 25.Qxe7 Bb1 26.Rd2 Rxd2 27.Kxd2 Qd3+ 28.Ke1 Bc2 29.
f4 Qxe3+ 30.Kf1 Bd3 mate} 0-1

[Event "ENCI Limburg-open C"]
[Site "Maastricht"]
[Date "2012.05.27"]
[Round "5"]
[White "Mohr, Markus"]
[Black "Uiterwijk, Jos"]
[Result "1/2-1/2"]
[WhiteElo "1655"]
[BlackElo "1577"]
[PlyCount "61"]
[EventDate "2012.05.25"]
[EventType "swiss"]
[EventRounds "7"]
[EventCountry "NED"]
[Source "P.Boonen"]
[SourceDate "2013.01.01"]

1. e4 c5 2. Nf3 d6 3. c3 Nf6 4. d3 g6 5. g3 Bg7 6. Bg2 O-O 7. O-O Nc6 8. Re1
Bg4 9. h3 Bd7 10. Nbd2 Qc8 11. Kh2 b5 12. e5 Ne8 13. exd6 exd6 14. Nf1 Rb8 15.
Bf4 Nd8 16. d4 Ne6 17. Be3 Nf6 18. dxc5 dxc5 19. Ng5 Rd8 20. Qf3 Rb6 21. Rad1
Bc6 22. Qe2 Bxg2 23. Rxd8+ Nxd8 24. Kxg2 h6 25. Nf3 Nd5 26. Bxc5 Qxc5 27. Qe8+
Qf8 28. Qd7 Rd6 29. Qxb5 Nc7 30. Qc5 Nde6 31. Qxa7 1/2-1/2

[Event "ENCI Limburg-open C"]
[Site "Maastricht"]
[Date "2012.05.27"]
[Round "5"]
[White "Nissel, Andreas"]
[Black "Mollema, Henk"]
[Result "1-0"]
[WhiteElo "1698"]
[BlackElo "1493"]
[PlyCount "31"]
[EventDate "2012.05.25"]
[EventType "swiss"]
[EventRounds "7"]
[EventCountry "NED"]
[Source "P.Boonen"]
[SourceDate "2013.01.01"]

1. d4 f5 2. Nc3 Nf6 3. Bg5 g6 4. e3 Bg7 5. Bd3 O-O 6. Nf3 c6 7. Bxf6 Bxf6 8. h4
d6 9. Qe2 b5 10. e4 f4 11. e5 Bh8 12. h5 Kg7 13. hxg6 hxg6 14. Nh4 Bf5 15.
Nxf5+ gxf5 16. Qh5 1-0

[Event "ENCI Limburg-open C"]
[Site "Maastricht"]
[Date "2012.05.27"]
[Round "5"]
[White "Ousmane, Tijany"]
[Black "Veelenturf, Wim"]
[Result "1/2-1/2"]
[WhiteElo "1519"]
[BlackElo "1690"]
[PlyCount "38"]
[EventDate "2012.05.25"]
[EventType "swiss"]
[EventRounds "7"]
[EventCountry "NED"]
[Source "P.Boonen"]
[SourceDate "2013.01.01"]

1. d4 d5 2. Nf3 c6 3. Bf4 Nf6 4. e3 Bg4 5. Nbd2 e6 6. Bd3 Bd6 7. Bg3 Qc7 8. c3
Nbd7 9. Bxd6 Qxd6 10. Qb3 Qc7 11. h3 Bh5 12. c4 O-O 13. O-O Rfe8 14. Rac1 dxc4
15. Bxc4 Nb6 16. Ne5 Nxc4 17. Qxc4 Nd7 18. Nd3 Nb6 19. Qb3 Be2 1/2-1/2

[Event "ENCI Limburg-open C"]
[Site "Maastricht"]
[Date "2012.05.27"]
[Round "5"]
[White "Overtoom, Reinier"]
[Black "Kroon, Mike"]
[Result "1/2-1/2"]
[WhiteElo "1705"]
[BlackElo "1598"]
[PlyCount "86"]
[EventDate "2012.05.25"]
[EventType "swiss"]
[EventRounds "7"]
[EventCountry "NED"]
[Source "P.Boonen"]
[SourceDate "2013.01.01"]

1. Nc3 d5 2. e4 c6 3. Nf3 dxe4 4. Nxe4 Bf5 5. Ng3 Bg6 6. h4 h6 7. h5 Bh7 8. d4
Nf6 9. Bd3 Bxd3 10. Qxd3 e6 11. Qe2 Nbd7 12. c3 Be7 13. O-O O-O 14. Bf4 c5 15.
Rfe1 Nd5 16. Be5 cxd4 17. Bxd4 Bf6 18. Bxf6 N5xf6 19. Nd4 Qb6 20. Rad1 Rfe8 21.
b3 Nd5 22. Qd2 Rad8 23. c4 Nb4 24. Nb5 Nf6 25. Qxb4 a6 26. a4 axb5 27. a5 Qc7
28. Qxb5 Rxd1 29. Rxd1 Rd8 30. Rxd8+ Qxd8 31. Qxb7 Nxh5 32. a6 Nxg3 33. fxg3
Qd1+ 34. Kh2 Qh5+ 35. Kg1 Qd1+ 36. Kf2 Qd2+ 37. Kf1 Qd1+ 38. Kf2 Qd2+ 39. Kf3
Qd3+ 40. Kf4 Qd4+ 41. Qe4 Qf2+ 42. Qf3 Qd4+ 43. Qe4 Qf2+ 1/2-1/2

[Event "ENCI Limburg-open C"]
[Site "Maastricht"]
[Date "2012.05.27"]
[Round "5"]
[White "Parren, Ashley"]
[Black "Havenith, Michael"]
[Result "0-1"]
[WhiteElo "1290"]
[BlackElo "1691"]
[PlyCount "68"]
[EventDate "2012.05.25"]
[EventType "swiss"]
[EventRounds "7"]
[EventCountry "NED"]
[Source "P.Boonen"]
[SourceDate "2013.01.01"]

1. e4 c6 2. Nf3 d5 3. exd5 cxd5 4. d4 Nc6 5. Nc3 Bg4 6. Be2 Nf6 7. Bg5 e6 8. h3
Bh5 9. O-O Be7 10. Ne5 Bxe2 11. Nxc6 Bxd1 12. Nxd8 Bxc2 13. Nxb7 Rb8 14. Rac1
Bg6 15. Bxf6 Bxf6 16. Nd6+ Kd8 17. Ncb5 a6 18. Rc6 axb5 19. Rfc1 Bxd4 20. Rc8+
Kd7 21. Rxh8 Rxh8 22. Nxb5 Bb6 23. b4 Rc8 24. Rxc8 Kxc8 25. a4 Bc7 26. Nxc7
Kxc7 27. b5 Kb6 28. Kf1 Bc2 29. Ke2 Bxa4 30. Kd2 Kxb5 31. f4 f6 32. g3 Kc4 33.
h4 e5 34. fxe5 fxe5 0-1

[Event "ENCI Limburg-open C"]
[Site "Maastricht"]
[Date "2012.05.27"]
[Round "5"]
[White "Reyskens, Jules"]
[Black "Orbons, Richard"]
[Result "0-1"]
[WhiteElo "1737"]
[BlackElo "1668"]
[PlyCount "80"]
[EventDate "2012.05.25"]
[EventType "swiss"]
[EventRounds "7"]
[EventCountry "NED"]
[Source "P.Boonen"]
[SourceDate "2013.01.01"]

1. e4 g6 2. d4 Bg7 3. Nc3 d6 4. Nf3 Nf6 5. h3 O-O 6. Be3 Nbd7 7. Bd3 c5 8. dxc5
Nxc5 9. O-O b6 10. Bf4 Bb7 11. Re1 d5 12. exd5 Nxd5 13. Nxd5 Bxd5 14. Be5 Nxd3
15. Qxd3 Bxf3 16. Qxf3 Bxe5 17. Rxe5 Rc8 18. Qe2 e6 19. Rd1 Qc7 20. c3 Rfd8 21.
Re3 Rxd1+ 22. Qxd1 Rd8 23. Rd3 Rxd3 24. Qxd3 Qf4 25. Qd8+ Kg7 26. Qd4+ Qxd4 27.
cxd4 Kf6 28. Kf1 Kf5 29. f3 h5 30. h4 f6 31. Kf2 g5 32. hxg5 fxg5 33. Ke3 h4
34. b3 a6 35. a3 g4 36. fxg4+ Kxg4 37. Ke2 Kf4 38. Kf2 Ke4 39. g3 hxg3+ 40.
Kxg3 Kxd4 0-1

[Event "ENCI Limburg-open C"]
[Site "Maastricht"]
[Date "2012.05.27"]
[Round "5"]
[White "Rosenbrand, Stefan"]
[Black "Kroon, Joppe"]
[Result "1-0"]
[WhiteElo "1381"]
[BlackElo "1053"]
[PlyCount "49"]
[EventDate "2012.05.25"]
[EventType "swiss"]
[EventRounds "7"]
[EventCountry "NED"]
[Source "P.Boonen"]
[SourceDate "2013.01.01"]

1. e4 g6 2. d4 Bg7 3. Nc3 c5 4. d5 d6 5. Be3 Nf6 6. f3 O-O 7. Qd2 a6 8. a4 e6
9. Nge2 exd5 10. exd5 Re8 11. O-O-O Bd7 12. h4 b5 13. Ng3 b4 14. Nce4 Nxe4 15.
Nxe4 Bxa4 16. h5 f5 17. Bg5 Qb6 18. Nf6+ Bxf6 19. Bxf6 b3 20. c4 Kf7 21. Qg5
Rg8 22. hxg6+ hxg6 23. Rh7+ Kf8 24. Qh6+ Ke8 25. Re1# 1-0

[Event "ENCI Limburg-open C"]
[Site "Maastricht"]
[Date "2012.05.27"]
[Round "5"]
[White "Schleipfenbauer, Bent"]
[Black "De Vries, Paul1"]
[Result "1-0"]
[WhiteElo "1456"]
[BlackElo "1476"]
[PlyCount "45"]
[EventDate "2012.05.25"]
[EventType "swiss"]
[EventRounds "7"]
[EventCountry "NED"]
[Source "P.Boonen"]
[SourceDate "2013.01.01"]

1. e4 c5 2. Nc3 d6 3. f4 Nc6 4. Bb5 Bd7 5. Bxc6 Bxc6 6. d3 e6 7. Nf3 g6 8. O-O
Bg7 9. Qe1 Ne7 10. Qg3 Qd7 11. Be3 O-O-O 12. e5 Nf5 13. Qe1 b6 14. exd6 Qxd6
15. Bd2 Bxf3 16. Rxf3 Nd4 17. Qe4 Nxf3+ 18. Qxf3 Bd4+ 19. Kf1 Kb8 20. Re1 Bxc3
21. Bxc3 Qd7 22. Be5+ Kc8 23. Qa8# 1-0

[Event "ENCI Limburg-open C"]
[Site "Maastricht"]
[Date "2012.05.27"]
[Round "5"]
[White "Slagter, Maxim"]
[Black "Gerlagh, Reyer"]
[Result "1-0"]
[WhiteElo "1374"]
[BlackElo "1327"]
[PlyCount "97"]
[EventDate "2012.05.25"]
[EventType "swiss"]
[EventRounds "7"]
[EventCountry "NED"]
[Source "P.Boonen"]
[SourceDate "2013.01.01"]

1. e4 c5 2. Nf3 Nc6 3. Nc3 e6 4. d4 cxd4 5. Nxd4 Nf6 6. Bg5 Be7 7. Bc4 Qa5 8.
Ndb5 Nxe4 9. Bxe7 Nxe7 10. Qd4 d5 11. Bd3 Nxc3 12. Nxc3 O-O 13. O-O Qd8 14.
Rfe1 Ng6 15. Re3 Qf6 16. Qb4 a6 17. Bxg6 Qxg6 18. Rae1 f5 19. Rg3 Qf6 20. Na4
b5 21. Nc5 Rf7 22. Nd3 Bb7 23. c3 Rd8 24. Rge3 Bc8 25. Ne5 Rc7 26. Qd4 Qe7 27.
Qb6 Qc5 28. Qxc5 Rxc5 29. Nf3 Rc7 30. Nd4 Kf7 31. Nxe6 Bxe6 32. Rxe6 Rdd7 33.
Rxa6 Re7 34. Rxe7+ Rxe7 35. Kf1 Re6 36. Ra5 Rb6 37. Ke2 Kf6 38. Ke3 Re6+ 39.
Kd3 Re1 40. Rxb5 Rf1 41. Ke2 Rh1 42. h3 Rg1 43. g3 Rh1 44. h4 Rc1 45. Rxd5 Rc2+
46. Rd2 Rxd2+ 47. Kxd2 Ke5 48. Kd3 f4 49. a4 1-0

[Event "ENCI Limburg-open C"]
[Site "Maastricht"]
[Date "2012.05.27"]
[Round "5"]
[White "Ulburghs, Piet"]
[Black "De Leeuw, Bart"]
[Result "1-0"]
[WhiteElo "1650"]
[BlackElo "1678"]
[PlyCount "95"]
[EventDate "2012.05.25"]
[EventType "swiss"]
[EventRounds "7"]
[EventCountry "NED"]
[Source "P.Boonen"]
[SourceDate "2013.01.01"]

1. c4 Nf6 2. Nf3 d6 3. g3 g6 4. d4 Bg7 5. Nc3 O-O 6. Bg2 Nbd7 7. O-O c5 8. e3
Nb6 9. Qe2 Bg4 10. Rd1 Qc8 11. b3 a6 12. Bb2 Re8 13. Qf1 cxd4 14. exd4 Nbd7 15.
h3 Bf5 16. Nh4 Nf8 17. Nxf5 Qxf5 18. Bxb7 Ra7 19. Bg2 e5 20. g4 Qc2 21. Na4
exd4 22. Bxd4 Rae7 23. Rdc1 Qe2 24. Qxe2 Rxe2 25. Bf3 R2e6 26. Bc3 Ne4 27. Bxg7
Kxg7 28. c5 dxc5 29. Nxc5 Nxc5 30. Rxc5 Re1+ 31. Rxe1 Rxe1+ 32. Kg2 Ne6 33. Rc4
Ra1 34. Ra4 Nc5 35. Ra3 a5 36. Bd5 Nd3 37. Bc4 Nb2 38. Bb5 Nd1 39. Rxa5 Nc3 40.
a4 Nxb5 41. Rxb5 Ra3 42. a5 Kf8 43. b4 Ra4 44. Rb7 h5 45. Kg3 hxg4 46. hxg4 g5
47. Rb6 Kg7 48. a6 1-0

[Event "ENCI Limburg-open C"]
[Site "Maastricht"]
[Date "2012.05.27"]
[Round "5"]
[White "Valembois, Pierre"]
[Black "Geene, Patrick"]
[Result "0-1"]
[WhiteElo "1316"]
[BlackElo "1511"]
[PlyCount "110"]
[EventDate "2012.05.25"]
[EventType "swiss"]
[EventRounds "7"]
[EventCountry "NED"]
[Source "P.Boonen"]
[SourceDate "2013.01.01"]

1. e4 e5 2. d4 exd4 3. c3 dxc3 4. Bc4 d6 5. Nxc3 Nf6 6. Qb3 Qe7 7. Nce2 Nxe4 8.
Be3 Nc6 9. Nf3 g6 10. O-O-O Bg7 11. Ned4 Nxd4 12. Bxd4 O-O 13. Rhe1 Bxd4 14.
Nxd4 Qg5+ 15. Qe3 Qxe3+ 16. Rxe3 Nxf2 17. Rde1 c6 18. Nf3 d5 19. Rf1 dxc4 20.
Rxf2 Be6 21. Ng5 Rae8 22. Ne4 f5 23. Nd6 Re7 24. Rfe2 Rf6 25. Nc8 Re8 26. Nd6
Re7 27. Nc8 Rc7 28. Nd6 Bf7 29. Re8+ Kg7 30. R8e7 Rxe7 31. Rxe7 Rxd6 32. Rxb7
a6 33. Rb6 Bd5 34. Rxa6 Re6 35. Ra7+ Kh6 36. Rd7 Re2 37. b4 cxb3 38. axb3 Bxb3
39. Rd3 Bd5 40. Rh3+ Kg7 41. Kd1 Rxg2 42. Re3 Rxh2 43. Re7+ Kh6 44. Ke1 f4 45.
Kd1 f3 46. Ke1 Re2+ 47. Rxe2 fxe2 48. Kxe2 Kg5 49. Ke3 Kg4 50. Kd4 Kf3 51. Ke5
g5 52. Kf5 g4 53. Kg5 g3 54. Kh6 g2 55. Kg7 g1=Q+ 0-1

[Event "ENCI Limburg-open C"]
[Site "Maastricht"]
[Date "2012.05.27"]
[Round "5"]
[White "Van Ee, Winston"]
[Black "Jacobs, Tobias"]
[Result "0-1"]
[WhiteElo "1484"]
[BlackElo "1416"]
[PlyCount "55"]
[EventDate "2012.05.25"]
[EventType "swiss"]
[EventRounds "7"]
[EventCountry "NED"]
[Source "P.Boonen"]
[SourceDate "2013.01.01"]

1. e4 c5 2. f4 Nc6 3. Nf3 e6 4. Be2 Be7 5. O-O b6 6. d3 Bb7 7. b3 d6 8. Bb2 f6
9. e5 f5 10. exd6 Bf6 11. Be5 Nh6 12. Nbd2 Nf7 13. Bxf6 gxf6 14. g3 Nxd6 15. a4
Qe7 16. c3 h5 17. Nh4 Qg7 18. Bxh5+ Kd7 19. Kf2 Rag8 20. Nc4 Nxc4 21. dxc4+ Kc8
22. Bf3 Kc7 23. Qe2 e5 24. fxe5 Nxe5 25. Bxb7 Kxb7 26. Rh1 Rxh4 27. gxh4 Qg2+
28. Ke3 0-1

[Event "ENCI Limburg-open C"]
[Site "Maastricht"]
[Date "2012.05.27"]
[Round "5"]
[White "Van Rossum, Pia"]
[Black "De Boer, Guus"]
[Result "0-1"]
[WhiteElo "1616"]
[BlackElo "1647"]
[PlyCount "60"]
[EventDate "2012.05.25"]
[EventType "swiss"]
[EventRounds "7"]
[EventCountry "NED"]
[Source "P.Boonen"]
[SourceDate "2013.01.01"]

1. Nf3 d5 2. d4 Nf6 3. Bg5 Bf5 4. e3 Nbd7 5. Be2 e6 6. O-O Bd6 7. Nbd2 c6 8. c3
h6 9. Bxf6 Nxf6 10. Ne5 O-O 11. f4 Bxe5 12. fxe5 Ne4 13. Nf3 Rc8 14. Qe1 c5 15.
h3 Qb6 16. b4 cxb4 17. cxb4 Rc3 18. Bd1 Qxb4 19. Bb3 Qb5 20. Nd2 Qd3 21. Nxe4
Bxe4 22. Rd1 Qxe3+ 23. Qxe3 Rxe3 24. Rf2 Rc8 25. Ba4 a6 26. Bd7 Rc7 27. Ba4 b5
28. Bb3 Rd3 29. Rdf1 Rxd4 30. Bd1 Rc1 0-1

[Event "ENCI Limburg-open C"]
[Site "Maastricht"]
[Date "2012.05.27"]
[Round "5"]
[White "Vellekoop, Kees"]
[Black "Vossen, Martijn"]
[Result "1/2-1/2"]
[WhiteElo "1648"]
[BlackElo "1656"]
[PlyCount "92"]
[EventDate "2012.05.25"]
[EventType "swiss"]
[EventRounds "7"]
[EventCountry "NED"]
[Source "P.Boonen"]
[SourceDate "2013.01.01"]

1. e4 d6 2. d4 Nf6 3. Nc3 g6 4. f3 Bg7 5. Be3 O-O 6. Qd2 c6 7. g4 b5 8. h4 a6
9. h5 Qc7 10. hxg6 fxg6 11. Qh2 Nbd7 12. Nh3 e5 13. Ng5 exd4 14. Bxd4 Ne5 15.
Bxe5 dxe5 16. Nxh7 Nxh7 17. Qxh7+ Kf7 18. Qh3 Be6 19. O-O-O Qa5 20. Rd6 b4 21.
Rxe6 Rh8 22. Qg2 Kxe6 23. Bc4+ Ke7 24. Rxh8 Rxh8 25. Nd1 Bh6+ 26. g5 Qc5 27.
gxh6 Qxc4 28. Qg5+ Kf7 29. Qxe5 Rxh6 30. Qf4+ Kg7 31. Qe5+ Kf7 32. Qc7+ Kg8 33.
Qd8+ Kg7 34. Qe7+ Qf7 35. Qxf7+ Kxf7 36. Kd2 Ke6 37. Kd3 Kd6 38. Kd4 c5+ 39.
Kc4 Rh2 40. Kd3 Rh1 41. Ne3 Ra1 42. Nc4+ Ke6 43. a3 bxa3 44. Nxa3 Rf1 45. Ke2
Rh1 46. Ke3 Rh2 1/2-1/2

[Event "ENCI Limburg-open C"]
[Site "Maastricht"]
[Date "2012.05.27"]
[Round "5"]
[White "Warmerdam, Max"]
[Black "Daemen, Jules"]
[Result "1-0"]
[WhiteElo "1648"]
[BlackElo "1668"]
[PlyCount "27"]
[EventDate "2012.05.25"]
[EventType "swiss"]
[EventRounds "7"]
[EventCountry "NED"]
[Source "P.Boonen"]
[SourceDate "2013.01.01"]

1. e4 d5 2. exd5 Nf6 3. d4 Nxd5 4. c4 Nb6 5. Nc3 Nc6 6. Be3 Bf5 7. Bd3 Bxd3 8.
Qxd3 e6 9. Nf3 Be7 10. O-O O-O 11. Rad1 Bf6 12. Ne4 Be7 13. Nfg5 h6 14. Nf6+
1-0

[Event "ENCI Limburg-open C"]
[Site "Maastricht"]
[Date "2012.05.27"]
[Round "5"]
[White "Weerts, Rene"]
[Black "Godding, Mick"]
[Result "0-1"]
[WhiteElo "1560"]
[BlackElo "1636"]
[PlyCount "98"]
[EventDate "2012.05.25"]
[EventType "swiss"]
[EventRounds "7"]
[EventCountry "NED"]
[Source "P.Boonen"]
[SourceDate "2013.01.01"]

1. d4 Nf6 2. Nf3 g6 3. c3 d5 4. Bf4 Bg7 5. Nbd2 Nc6 6. e3 Bf5 7. Ne5 Nh5 8.
Nxc6 bxc6 9. g4 Nxf4 10. gxf5 Nh5 11. Be2 Nf6 12. fxg6 hxg6 13. Qa4 Qd6 14.
O-O-O Nd7 15. h4 Nb6 16. Qc2 a5 17. c4 dxc4 18. Nxc4 Qd5 19. Ne5 Bxe5 20. dxe5
Qxa2 21. Qxc6+ Kf8 22. Rd4 Kg7 23. h5 Rad8 24. Rxd8 Rxd8 25. hxg6 fxg6 26. Rh4
Qa1+ 27. Kc2 Nd5 28. Qa4 Qe1 29. Qc4 Nxe3+ 30. fxe3 Rd2+ 31. Kb3 Rxe2 32. Ka2
Rxe3 33. Rf4 Qg3 34. Qf7+ Kh6 35. Rf1 Re1 36. Rf3 Qxe5 37. Rh3+ Kg5 38. Qf3
Qe6+ 39. b3 Qe2+ 40. Qxe2 Rxe2+ 41. Ka3 c6 42. Rc3 Kf4 43. Rxc6 g5 44. Rc5 Re5
45. Rc4+ Kf3 46. Ka4 g4 47. Rc3+ Re3 48. Rc5 g3 49. Rxa5 g2 0-1

[Event "ENCI Limburg-open C"]
[Site "Maastricht"]
[Date "2012.05.28"]
[Round "6"]
[White "Bauchmueller, Heinrich"]
[Black "Been, Klaas"]
[Result "0-1"]
[WhiteElo "1447"]
[BlackElo "1738"]
[PlyCount "110"]
[EventDate "2012.05.25"]
[EventType "swiss"]
[EventRounds "7"]
[EventCountry "NED"]
[Source "P.Boonen"]
[SourceDate "2013.01.01"]

1. e4 e5 2. f4 d6 3. Nf3 Nc6 4. c3 Nf6 5. d3 Be7 6. Be2 Bg4 7. O-O O-O 8. Be3
exf4 9. Bxf4 Bxf3 10. Bxf3 Ne5 11. Bxe5 dxe5 12. Nd2 Qxd3 13. Nb3 Qe3+ 14. Kh1
Rfd8 15. Qc2 Rd7 16. Rfe1 Qg5 17. Rad1 Rad8 18. Rxd7 Rxd7 19. h3 h5 20. Qe2 Qh4
21. Nd2 g5 22. Bxh5 Qxh5 23. Kg1 Bc5+ 24. Kf1 g4 25. Nc4 gxh3 26. Qxh5 hxg2+
27. Kxg2 Nxh5 28. Nxe5 Rd2+ 29. Kf3 Rxb2 30. Nd3 Rc2 31. Kg4 Rxc3 32. Ne5 Ng7
33. Rd1 Bd6 34. Nf3 f6 35. Nd4 Rg3+ 36. Kh4 Rg2 37. a3 a6 38. Kh3 Rg3+ 39. Kh4
Rxa3 40. Kg4 Rg3+ 41. Kh4 Re3 42. Kg4 Rxe4+ 43. Kf3 Re5 44. Ne2 a5 45. Nc3 Rg5
46. Ne4 Rf5+ 47. Kg2 Ne8 48. Rb1 b5 49. Nf2 a4 50. Nd1 b4 51. Ne3 Rg5+ 52. Kf3
a3 53. Nc4 a2 54. Re1 Be5 55. Nxe5 Rxe5 0-1

[Event "ENCI Limburg-open C"]
[Site "Maastricht"]
[Date "2012.05.28"]
[Round "6"]
[White "Beukema, Constantijn"]
[Black "De Lange, Marieke"]
[Result "0-1"]
[WhiteElo "800"]
[BlackElo "1223"]
[PlyCount "44"]
[EventDate "2012.05.25"]
[EventType "swiss"]
[EventRounds "7"]
[EventCountry "NED"]
[Source "P.Boonen"]
[SourceDate "2013.01.01"]

1. e4 c5 2. Nf3 e6 3. Nc3 d5 4. d4 Nf6 5. e5 Nfd7 6. Bb5 Be7 7. O-O O-O 8. Be3
a6 9. Bd3 f6 10. exf6 Rxf6 11. Bg5 Rf8 12. Bxe7 Qxe7 13. Bxh7+ Kxh7 14. h4 Nc6
15. Ng5+ Kg8 16. Qd3 Nf6 17. Ne2 e5 18. Ng3 e4 19. N3xe4 dxe4 20. Qc4+ Kh8 21.
Qe2 Nxd4 22. f3 Nxe2+ 0-1

[Event "ENCI Limburg-open C"]
[Site "Maastricht"]
[Date "2012.05.28"]
[Round "6"]
[White "Beukema, Jasper"]
[Black "Kuiper, Adrian"]
[Result "1-0"]
[WhiteElo "1625"]
[BlackElo "1569"]
[PlyCount "243"]
[EventDate "2012.05.25"]
[EventType "swiss"]
[EventRounds "7"]
[EventCountry "NED"]
[Source "P.Boonen"]
[SourceDate "2013.01.01"]

1. e4 c5 2. Nf3 d6 3. c3 Nf6 4. h3 Nbd7 5. Bd3 e6 6. Bc2 Be7 7. d4 cxd4 8. cxd4
O-O 9. O-O a6 10. Nc3 b5 11. a3 Bb7 12. Re1 Qc7 13. Bf4 e5 14. Bg3 Rac8 15. Rc1
Qb8 16. d5 Rc7 17. Nh4 g6 18. Qd2 Nh5 19. Qh6 Qd8 20. Nf3 Bf6 21. Bh2 Bg7 22.
Qe3 Nhf6 23. Bg3 Qb8 24. Bh4 Rfc8 25. Bd3 Nc5 26. b4 Nxd3 27. Qxd3 Nh5 28. Na2
Nf4 29. Qe3 Bh6 30. Bg5 Bxg5 31. Nxg5 h6 32. Nf3 Rxc1 33. Rxc1 Rxc1+ 34. Nxc1
Qc7 35. h4 Kg7 36. g3 Nh5 37. Ne1 Bc8 38. Nb3 Nf6 39. f3 Bd7 40. Qc1 Qc4 41.
Qxc4 bxc4 42. Nd2 Bb5 43. a4 c3 44. Nb1 Bxa4 45. Nxc3 Bb5 46. Nxb5 axb5 47. Nc2
Ne8 48. Na1 f5 49. Kf2 Kf6 50. Nb3 g5 51. hxg5+ hxg5 52. Na5 fxe4 53. fxe4 g4
54. Nc6 Nc7 55. Na7 Ke7 56. Ke2 Na6 57. Nc6+ Kd7 58. Kd3 Nc7 59. Na7 Ke7 60.
Ke3 Kd7 61. Nc6 Ke8 62. Kd3 Kd7 63. Na5 Ne8 64. Nb3 Ng7 65. Nd2 Nh5 66. Nf1 Ke7
67. Ke3 Kf6 68. Kf2 Kg5 69. Nd2 Nf6 70. Kg2 Kg6 71. Kf2 Kg5 72. Ke3 Ne8 73. Nb1
Nc7 74. Na3 Kh5 75. Kd3 Kg5 76. Nc2 Ne8 77. Ke3 Kg6 78. Na3 Nc7 79. Nb1 Ne8 80.
Nc3 Nc7 81. Kd3 Kf7 82. Nd1 Ne8 83. Ne3 Nf6 84. Nf5 Ne8 85. Nh6+ Kg6 86. Nxg4
Kg5 87. Nf2 Nc7 88. Ke3 Na6 89. Nd3 Kh5 90. Kf3 Kg5 91. Kf2 Kg4 92. Kg2 Nc7 93.
Nc1 Na6 94. Na2 Kg5 95. Nc3 Nxb4 96. Nxb5 Nd3 97. Nxd6 Nc5 98. Kf3 Kf6 99. Nc4
Nd7 100. Kg4 Nc5 101. Nd2 Kg6 102. Kh4 Kf6 103. Kh5 Nd3 104. g4 Nf4+ 105. Kh6
Ng6 106. g5+ Kf7 107. Nf3 Nf8 108. Nxe5+ Kg8 109. g6 Nxg6 110. Kxg6 Kf8 111. d6
Ke8 112. d7+ Kd8 113. Kf6 Kc7 114. Ke7 Kb6 115. d8=Q+ Kc5 116. Qd5+ Kb4 117.
Qc4+ Ka5 118. Qb3 Ka6 119. Nd7 Ka5 120. Qb6+ Ka4 121. Nc5+ Ka3 122. Qb3# 1-0